[Event "ODJM B 2017"]
[Site "Willingen GER"]
[Date "2017.06.05"]
[Round "3"]
[White "Paeslack, Timo"]
[Black "Reuter, Marek"]
[Result "1-0"]
[Termination "normal"]
[Board "25"]
[WhiteElo "1041"]
[BlackElo "1649"]
[PlyCount "97"]
[WhiteFideId "12993522"]
[BlackFideId "16226712"]
[EventCountry "GER"]
[EventRounds "9"]
[EventType "swiss"]
[EventDate "2017.06.03"]

1. e4 c5 2. Nf3 Nc6 3. Nc3 g6 4. d4 cxd4 5. Nxd4 Bg7 6. Be3 Nf6 7. Bc4 O-O 8.
Qd2 a6 9. O-O-O b5 10. Nxc6 Qe8 11. Na5 bxc4 12. Nxc4 Bb7 13. f3 Rc8 14. b3 Rc7
15. e5 d5 16. exf6 exf6 17. Nd6 Qc6 18. Nxb7 Qxb7 19. Nxd5 Rc6 20. Rhe1 Rfc8
21. c4 Kf8 22. Qe2 Re6 23. g4 a5 24. Qd3 a4 25. Nb6 Rcc6 26. Qd8+ Re8 27. Bc5+
Kg8 28. Rxe8+ Bf8 29. Rxf8+ Kg7 30. Rg8+ Kh6 31. Qf8+ Kg5 32. h4+ Kf4 33. Nd5+
Kg3 34. Rg1+ Kh2 35. Qe8 Re6 36. Qb5 Qxb5 37. cxb5 Re5 38. Bd6 Kxg1 39. Bxe5
fxe5 40. b6 Kf2 41. b7 Kxf3 42. b8=Q Ke4 43. Nc3+ Kf4 44. Qb4+ Kg3 45. h5 Kf2
46. Ne4+ Kf1 47. Qd2 Kg1 48. Qf2+ Kh1 49. Ng3# 1-0

[Event "ODJM B 2017"]
[Site "Willingen GER"]
[Date "2017.06.05"]
[Round "3"]
[White "Frank, Marian"]
[Black "Reyher, Bastian"]
[Result "1-0"]
[Termination "normal"]
[Board "26"]
[WhiteElo "1343"]
[BlackElo "1102"]
[PlyCount "75"]
[WhiteFideId "16245059"]
[BlackFideId "12927465"]
[EventCountry "GER"]
[EventRounds "9"]
[EventType "swiss"]
[EventDate "2017.06.03"]

1. e4 e5 2. Nf3 Nc6 3. Bc4 Bc5 4. c3 Nf6 5. d4 exd4 6. cxd4 Bb4+ 7. Nc3 Nxe4 8.
O-O Nxc3 9. bxc3 Bxc3 10. Ba3 Bxa1 11. Re1+ Ne7 12. Bxe7 Qxe7 13. Rxe7+ Kxe7
14. Qxa1 Re8 15. Ng5 d5 16. Bxd5 Be6 17. Qe1 Kd6 18. Nxe6 fxe6 19. Qe5+ Kd7 20.
Qxg7+ Re7 21. Qg4 c6 22. Bb3 Rae8 23. d5 cxd5 24. Bxd5 Kd6 25. Be4 Rc7 26. Qf4+
e5 27. Qd2+ Ke7 28. Qg5+ Ke6 29. Bf5+ Kd5 30. Qd2+ Kc5 31. h3 e4 32. Qe3+ Kd5
33. Qxa7 Rc1+ 34. Kh2 Re7 35. Qa5+ Kc4 36. Qa3 Kd4 37. Qxe7 Re1 38. Qb4+ 1-0

[Event "ODJM B 2017"]
[Site "Willingen GER"]
[Date "2017.06.05"]
[Round "3"]
[White "Kobald, Pierre"]
[Black "Bendtschneider, Nils"]
[Result "1/2-1/2"]
[Termination "normal"]
[Board "28"]
[WhiteElo "1287"]
[BlackElo "1080"]
[PlyCount "70"]
[WhiteFideId "12983659"]
[BlackFideId "16245180"]
[EventCountry "GER"]
[EventRounds "9"]
[EventType "swiss"]
[EventDate "2017.06.03"]

1. e4 e5 2. f4 d6 3. Nf3 Nc6 4. Bb5 Nge7 5. fxe5 dxe5 6. Nxe5 Qd4 7. Nxc6 Qxe4+
8. Qe2 Qxe2+ 9. Kxe2 Nxc6 10. Re1 Be6 11. Bxc6+ bxc6 12. Nc3 Bb4 13. Kf1 O-O
14. a3 Ba5 15. Rb1 Rfe8 16. b4 Bb6 17. Bb2 c5 18. bxc5 Bxc5 19. Na4 Bd6 20. Kg1
Bd7 21. Nc3 Rab8 22. Ne4 Bf5 23. Nxd6 cxd6 24. Rxe8+ Rxe8 25. Bd4 Ra8 26. Bxa7
Bxc2 27. Rb2 Kf8 28. Rb8+ Rxb8 29. Bxb8 Ke7 30. Kf2 d5 31. Ke3 Ke6 32. Kd4 Bb3
33. Kc3 Bc4 34. d3 Bb5 35. Kd4 Kd7 1/2-1/2

[Event "ODJM B 2017"]
[Site "Willingen GER"]
[Date "2017.06.05"]
[Round "3"]
[White "Butenandt, Albrecht"]
[Black "Schmidt, Pauline"]
[Result "0-1"]
[Termination "normal"]
[Board "29"]
[WhiteElo "1031"]
[BlackElo "1244"]
[PlyCount "60"]
[WhiteFideId "16213424"]
[BlackFideId "16209850"]
[EventCountry "GER"]
[EventRounds "9"]
[EventType "swiss"]
[EventDate "2017.06.03"]

1. e4 e5 2. Nf3 Nc6 3. Nc3 Nf6 4. d4 exd4 5. Nxd4 Bc5 6. Be3 Bb4 7. Nxc6 Bxc3+
8. bxc3 bxc6 9. Bd3 d5 10. Qf3 h6 11. h3 Be6 12. O-O dxe4 13. Bxe4 Nxe4 14.
Qxe4 Qd5 15. Qf4 Qd6 16. Rfb1 Qxf4 17. Bxf4 Kd7 18. Rb7 Rhc8 19. Rd1+ Ke8 20.
a3 a5 21. Bxc7 a4 22. Rd6 Bd7 23. Bb6 Bf5 24. Rd3 Bxd3 25. cxd3 Rab8 26. Rxb8
Rxb8 27. Bd4 g6 28. Bc5 Rb5 29. Bb4 Kd7 30. c4 Rxb4 0-1

[Event "ODJM B 2017"]
[Site "Willingen GER"]
[Date "2017.06.05"]
[Round "3"]
[White "Pham, Anh Tuan"]
[Black "Grimm, Nicola Marie"]
[Result "0-1"]
[Termination "normal"]
[Board "30"]
[WhiteElo "1017"]
[BlackElo "1239"]
[PlyCount "70"]
[WhiteFideId "16245229"]
[BlackFideId "12988987"]
[EventCountry "GER"]
[EventRounds "9"]
[EventType "swiss"]
[EventDate "2017.06.03"]

1. e4 d5 2. Nc3 dxe4 3. Nxe4 Bf5 4. Bd3 e6 5. Nf3 Nd7 6. O-O Bxe4 7. Bxe4 c6 8.
d4 Ngf6 9. Bg5 Be7 10. Bd3 Qc7 11. Re1 h6 12. Bh4 Bd6 13. Bxf6 Nxf6 14. h3 g5
15. Ne5 O-O-O 16. c3 h5 17. Qf3 Bxe5 18. Rxe5 Nd5 19. Rxg5 Nf4 20. Bc2 Rdf8 21.
Re1 Rfg8 22. Ree5 f6 23. Rxg8+ Rxg8 24. Qxf4 fxe5 25. dxe5 Kb8 26. Bb3 Re8 27.
Qg5 Qf7 28. Bd1 Rf8 29. f3 Rg8 30. Qh4 Qf5 31. Be2 Qxe5 32. Bd3 Qe3+ 33. Kh1
Qxd3 34. Qf4+ Ka8 35. Qf7 Qf1+ 0-1

[Event "ODJM B 2017"]
[Site "Willingen GER"]
[Date "2017.06.05"]
[Round "3"]
[White "Altgelt, Helene"]
[Black "Lorenz, Anouk"]
[Result "1/2-1/2"]
[Termination "normal"]
[Board "32"]
[WhiteElo "985"]
[BlackElo "1210"]
[PlyCount "45"]
[WhiteFideId "16232020"]
[BlackFideId "12990256"]
[EventCountry "GER"]
[EventRounds "9"]
[EventType "swiss"]
[EventDate "2017.06.03"]

1. e4 c5 2. Nf3 g6 3. c3 Bg7 4. d4 cxd4 5. cxd4 d6 6. Nc3 Nc6 7. Bb5 Bd7 8. O-O
a6 9. Ba4 b5 10. Bb3 e5 11. d5 Nd4 12. Nxd4 exd4 13. Ne2 Qb6 14. Bf4 Ne7 15.
Rc1 O-O 16. Qd3 b4 17. Rfd1 Bb5 18. Bc4 Bxc4 19. Qxc4 Rac8 20. Qd3 Rxc1 21.
Rxc1 h6 22. Rc4 Rc8 23. Rxc8+ 1/2-1/2

[Event "ODJM B 2017"]
[Site "Willingen GER"]
[Date "2017.06.05"]
[Round "3"]
[White "Guo, Jacob Tingshen"]
[Black "Sohr, Jim"]
[Result "0-1"]
[Termination "normal"]
[Board "33"]
[WhiteElo "971"]
[BlackElo "1205"]
[PlyCount "62"]
[WhiteFideId "16245245"]
[BlackFideId "16245105"]
[EventCountry "GER"]
[EventRounds "9"]
[EventType "swiss"]
[EventDate "2017.06.03"]

1. e4 e5 2. Nf3 Nc6 3. Bc4 Bc5 4. O-O d6 5. h3 Nf6 6. Nc3 O-O 7. d3 h6 8. Qe2
Bd7 9. Be3 Qe7 10. Rad1 Nh7 11. d4 exd4 12. Bxd4 Bxd4 13. Nxd4 Nxd4 14. Rxd4
Rfe8 15. Nd5 Qd8 16. Qf3 Ng5 17. Qd1 Rxe4 18. Rxe4 Nxe4 19. Re1 Nf6 20. Ne3 Bc6
21. Ng4 Nxg4 22. Qxg4 Qf6 23. b3 Kf8 24. a4 Rd8 25. Qe2 Re8 26. Qd2 Rxe1+ 27.
Qxe1 Qg6 28. g3 Qxc2 29. Qe2 Qb1+ 30. Qf1 Qe4 31. h4 Qh1# 0-1

[Event "ODJM B 2017"]
[Site "Willingen GER"]
[Date "2017.06.05"]
[Round "3"]
[White "Abou Wally, Adrian"]
[Black "Ott, Linda"]
[Result "1-0"]
[Termination "normal"]
[Board "34"]
[WhiteElo "1197"]
[BlackElo "1075"]
[PlyCount "45"]
[WhiteFideId "16245113"]
[BlackFideId "12992453"]
[EventCountry "GER"]
[EventRounds "9"]
[EventType "swiss"]
[EventDate "2017.06.03"]

1. e4 e5 2. Nf3 Nc6 3. Bc4 Bc5 4. c3 Nf6 5. d3 h6 6. O-O O-O 7. Bb3 d5 8. exd5
Nxd5 9. Nbd2 Nf4 10. Bc2 Qf6 11. Ne4 Qg6 12. Bxf4 exf4 13. Nxc5 Bh3 14. Nh4 Qg5
15. Qf3 Bg4 16. Ne4 Qxh4 17. Qxf4 Qh5 18. Qxc7 Qg6 19. Kh1 Rab8 20. Rae1 Rfc8
21. Qg3 h5 22. f3 h4 23. Qxg4 1-0

[Event "ODJM B 2017"]
[Site "Willingen GER"]
[Date "2017.06.05"]
[Round "3"]
[White "König, Dominik"]
[Black "Hoppstädter, Daniel"]
[Result "1-0"]
[Termination "normal"]
[Board "35"]
[WhiteElo "1150"]
[BlackElo "911"]
[PlyCount "51"]
[WhiteFideId "16245148"]
[BlackFideId "16243625"]
[EventCountry "GER"]
[EventRounds "9"]
[EventType "swiss"]
[EventDate "2017.06.03"]

1. e4 e6 2. d4 d5 3. Nc3 Bb4 4. exd5 Qxd5 5. Nf3 Nf6 6. Bd2 Bxc3 7. Bxc3 Nc6 8.
b3 b5 9. Qd2 Ne4 10. Qe3 Ba6 11. Bb2 Nb4 12. Bd3 f5 13. O-O Nxd3 14. cxd3 Nd6
15. Ng5 Kd7 16. Rac1 Bb7 17. f3 Ba6 18. Rc5 Qb7 19. Qxe6+ Kd8 20. Re1 c6 21.
Qxd6+ Kc8 22. Rxc6+ Qxc6 23. Qxc6+ Kb8 24. d5 Rd8 25. Be5+ Rd6 26. Bxd6# 1-0

[Event "ODJM B 2017"]
[Site "Willingen GER"]
[Date "2017.06.05"]
[Round "3"]
[White "Trampnau, Jan-Niklas"]
[Black "Schulz, Paul"]
[Result "1/2-1/2"]
[Termination "normal"]
[Board "36"]
[WhiteElo "1141"]
[BlackElo "1001"]
[PlyCount "100"]
[WhiteFideId "16245156"]
[BlackFideId "16245237"]
[EventCountry "GER"]
[EventRounds "9"]
[EventType "swiss"]
[EventDate "2017.06.03"]

1. d4 Nf6 2. Bf4 e6 3. Nf3 Be7 4. h3 b6 5. e3 Bb7 6. Be2 d6 7. O-O O-O 8. Nbd2
Nbd7 9. Re1 c5 10. c3 Rc8 11. Nb3 Rc7 12. Qc2 Qa8 13. Rad1 Rcc8 14. Bf1 Bxf3
15. gxf3 Qxf3 16. Nd2 Qa8 17. Bg2 Qb8 18. dxc5 Rxc5 19. Nb3 Rcc8 20. Qd3 Ne5
21. Bxe5 dxe5 22. Nd2 Rfd8 23. Qb1 Nd5 24. Be4 g6 25. Nf3 Rd6 26. Bxd5 Rxd5 27.
Rxd5 exd5 28. Rd1 Rd8 29. Qc2 e4 30. Nd4 Qd6 31. Nb5 Qb8 32. Nd4 Rd7 33. Qb3
Qe5 34. Nc6 Qh5 35. Nxe7+ Rxe7 36. Qxd5 Qxd5 37. Rxd5 Kg7 38. Kg2 f5 39. h4 h5
40. c4 Rc7 41. b3 a6 42. a4 Kf7 43. Kg3 Ke6 44. Kf4 Rc5 45. Rxc5 bxc5 46. Kg5
Kf7 47. Kh6 Kf6 48. Kh7 Kf7 49. a5 Kf6 50. Kh6 Kf7 1/2-1/2

[Event "ODJM B 2017"]
[Site "Willingen GER"]
[Date "2017.06.05"]
[Round "3"]
[White "Löding, Sarah-Marie"]
[Black "Kiefhaber, Julius"]
[Result "1/2-1/2"]
[Termination "normal"]
[Board "38"]
[WhiteElo "1120"]
[BlackElo "1187"]
[PlyCount "67"]
[WhiteFideId "16245164"]
[BlackFideId "16245121"]
[EventCountry "GER"]
[EventRounds "9"]
[EventType "swiss"]
[EventDate "2017.06.03"]

1. d4 d5 2. Nc3 Nf6 3. Bf4 Bf5 4. e3 e6 5. Nf3 Nc6 6. Bb5 a6 7. Be2 Be7 8. O-O
O-O 9. Re1 Ne4 10. Nxe4 dxe4 11. Nd2 f6 12. Bc4 b5 13. Bb3 Na5 14. g4 Nxb3 15.
Nxb3 Bg6 16. Nc5 Bxc5 17. dxc5 Qxd1 18. Raxd1 e5 19. Bg3 Rad8 20. Ra1 Rd2 21.
Rac1 Rfd8 22. b4 c6 23. a3 Bf7 24. c3 Bb3 25. Rb1 Rd1 26. Rexd1 Rxd1+ 27. Rxd1
Bxd1 28. g5 Bf3 29. Kf1 Kf7 30. gxf6 gxf6 31. Ke1 Bg4 32. Kd2 Be6 33. Kc2 Bc4
34. Kb2 1/2-1/2

[Event "ODJM B 2017"]
[Site "Willingen GER"]
[Date "2017.06.05"]
[Round "3"]
[White "Ludwig, Lea"]
[Black "Wilmink, Luca"]
[Result "0-1"]
[Termination "normal"]
[Board "39"]
[WhiteElo "1251"]
[BlackElo "968"]
[PlyCount "34"]
[WhiteFideId "16217381"]
[BlackFideId "16245253"]
[EventCountry "GER"]
[EventRounds "9"]
[EventType "swiss"]
[EventDate "2017.06.03"]

1. d4 d5 2. Nf3 Nf6 3. Bg5 Bf5 4. Bxf6 exf6 5. e3 Nc6 6. c4 dxc4 7. Bxc4 Nb4 8.
Na3 Qd7 9. Bb5 c6 10. Ba4 Nd3+ 11. Ke2 Nxb2 12. Qb3 Nxa4 13. Qxa4 b5 14. Qb3
Be6 15. Qd3 Qd6 16. Nc2 Bc4 17. Qxc4 bxc4 0-1

[Event "ODJM B 2017"]
[Site "Willingen GER"]
[Date "2017.06.05"]
[Round "3"]
[White "Costa, Martina"]
[Black "Reichel, Sara"]
[Result "0-1"]
[Termination "normal"]
[Board "40"]
[WhiteElo "854"]
[BlackElo "1154"]
[PlyCount "54"]
[WhiteFideId "16241428"]
[BlackFideId "16245130"]
[EventCountry "GER"]
[EventRounds "9"]
[EventType "swiss"]
[EventDate "2017.06.03"]

1. e4 c5 2. Nf3 g6 3. Bc4 Nc6 4. Ng5 e6 5. Nc3 Qxg5 6. O-O Bg7 7. d3 Qd8 8. Qg4
d5 9. exd5 exd5 10. Qe2+ Nge7 11. Bb5 O-O 12. Bg5 Be6 13. Bxc6 bxc6 14. Qe3 d4
15. Qe1 dxc3 16. bxc3 h6 17. Bh4 Qd6 18. Rd1 Nf5 19. f3 Be5 20. g3 Nxh4 21.
gxh4 Bxh2+ 22. Kf2 Bg3+ 23. Ke2 Bxe1 24. Kxe1 Rfe8 25. Kd2 Qf4+ 26. Ke2 Bh3+
27. Kf2 Qh2# 0-1

[Event "ODJM B 2017"]
[Site "Willingen GER"]
[Date "2017.06.05"]
[Round "3"]
[White "Listing, Lara Marie"]
[Black "Schulz, Jonas"]
[Result "0-1"]
[Termination "normal"]
[Board "41"]
[WhiteElo "724"]
[BlackElo "1120"]
[PlyCount "91"]
[WhiteFideId "16245300"]
[BlackFideId "16245172"]
[EventCountry "GER"]
[EventRounds "9"]
[EventType "swiss"]
[EventDate "2017.06.03"]

1. e4 e5 2. Nf3 Nc6 3. Nc3 Bc5 4. Bc4 Nf6 5. d3 d6 6. Bg5 Bg4 7. Nd5 Nd4 8. c3
Nxf3+ 9. gxf3 Be6 10. Bxf6 gxf6 11. Ne3 Bxc4 12. Nxc4 Qe7 13. Qa4+ c6 14. Qd1
O-O-O 15. Rg1 Rhg8 16. Rxg8 Rxg8 17. Kd2 Rg2 18. Qh1 Rxf2+ 19. Kd1 Qf8 20. b4
Bb6 21. d4 exd4 22. cxd4 Bxd4 23. Rc1 Qg8 24. Ke1 Rg2 25. Kf1 Rg1+ 26. Qxg1
Bxg1 27. Ke2 Qg2+ 28. Kd3 Qxf3+ 29. Kc2 b5 30. Nxd6+ Kd7 31. Nc8 Kd8 32. Nxa7
Bxa7 33. Kb2 Qe2+ 34. Kb1 Qxe4+ 35. Kb2 Bd4+ 36. Kb3 h5 37. Rd1 Kc7 38. a4 Qf3+
39. Kc2 Qe2+ 40. Rd2 Qe4+ 41. Kd1 Bc3 42. Rc2 Qd3+ 43. Kc1 Qf3 44. Kb1 Qd1+ 45.
Rc1 Qd2 46. axb5 0-1

[Event "ODJM B 2017"]
[Site "Willingen GER"]
[Date "2017.06.05"]
[Round "3"]
[White "Foos, Vanessa"]
[Black "Schicks, Jonathan"]
[Result "1-0"]
[Termination "normal"]
[Board "42"]
[WhiteElo "935"]
[BlackElo "741"]
[PlyCount "41"]
[WhiteFideId "16245270"]
[BlackFideId "16245296"]
[EventCountry "GER"]
[EventRounds "9"]
[EventType "swiss"]
[EventDate "2017.06.03"]

1. e4 e5 2. Nf3 Nc6 3. Bc4 Bc5 4. b4 Bxb4 5. c3 Bc5 6. d4 exd4 7. O-O Qf6 8.
Qb3 Nh6 9. Bg5 Qg6 10. Bxh6 Qxh6 11. Bxf7+ Kf8 12. cxd4 Nxd4 13. Nxd4 Bxd4 14.
Rd1 Bxa1 15. Bc4 b6 16. Qf3+ Bf6 17. e5 Rb8 18. exf6 gxf6 19. Re1 Bb7 20. Qe2
Qg6 21. Qe7# 1-0